[Event "Southend op"]
[Site "Southend"]
[Date "2024.03.30"]
[Round "5"]
[White "Petrov, Martin"]
[Black "Pert, Richard G"]
[Result "1-0"]
[WhiteElo "2518"]
[BlackElo "2411"]
[PlyCount "111"]
[EventDate "2024.03.28"]
[EventType "swiss"]
[EventRounds "9"]
[EventCountry "ENG"]
[SourceTitle "CB14_2024"]
[SourceDate "2024.04.01"]
[SourceVersion "1"]
[SourceVersionDate "2024.04.01"]
[SourceQuality "1"]

1. e4 c6 2. d4 d5 3. e5 Bf5 4. Nf3 e6 5. Be2 Ne7 6. c3 Bg6 7. 0-0 Nd7 8. Nh4 c5 9. Nd2 Nc6 10. Nxg6 hxg6 11. Nf3 Be7 12. g3 cxd4 13. cxd4 Qb6 14. Rb1 Rc8 15. h4 a6 16. Kg2 Qa5 17. a3 Qb6 18. Qd3 Na5 19. b3 Nb8 20. Rh1 Nbc6 21. b4 Nc4 22. Rb3 Qa7 23. Rd1 b5 24. Bg5 Rb8 25. Bxe7 Qxe7 26. Ng5 a5 27. Bg4 axb4 28. axb4 Ra8 29. Qb1 Rf8 30. Nh7 Rh8 31. Ng5 Rf8 32. Rf3 Ra7 33. Bxe6 fxe6 34. Qxg6+ Kd7 35. Rxf8 Qxf8 36. Qxe6+ Kc7 37. Qxd5 Qxb4 38. Rd3 Kb6 39. Rf3 Nd2 40. Rd3 Nc4 41. Ne6 Ra3 42. Nd8 Nxd8 43. Qxd8+ Kb7 44. Rxa3 Qxa3 45. e6 Qd3 46. e7 Qe4+ 47. Kh2 Qe2 48. Qd7+ Kb6 49. e8Q Qxf2+ 50. Kh3 Qf1+ 51. Kg4 Qd1+ 52. Kf5 Qf3+ 53. Kg6 Qxg3+ 54. Kh7 Qxh4+ 55. Kg8 Qg5 56. Qa8 1-0

[Event "Cambridge op 2nd"]
[Site "Cambridge"]
[Date "2024.02.21"]
[Round "5"]
[White "Pert, Richard G"]
[Black "Royal, Shreyas"]
[Result "1/2-1/2"]
[WhiteElo "2413"]
[BlackElo "2483"]
[PlyCount "46"]
[EventDate "2024.02.19"]
[EventType "swiss"]
[EventRounds "9"]
[EventCountry "ENG"]
[SourceTitle "CB09_2024"]
[SourceDate "2024.02.28"]
[SourceVersion "1"]
[SourceVersionDate "2024.02.28"]
[SourceQuality "1"]

1. d4 d5 2. Nf3 Nf6 3. Bf4 c5 4. e3 Nc6 5. Nbd2 Nh5 6. Be5 e6 7. c4 cxd4 8. cxd5 Qxd5 9. Bxd4 Bb4 10. a3 Nxd4 11. Nxd4 Bxd2+ 12. Qxd2 0-0 13. Nf3 Qxd2+ 14. Kxd2 Rd8+ 15. Bd3 b6 16. Ke2 Bb7 17. Rhd1 Rac8 18. Rac1 Nf6 19. Bb5 Rxd1 20. Rxc8+ Bxc8 21. Kxd1 Bb7 22. Ke2 Kf8 23. g3 a6 1/2-1/2

[Event "Cambridge op 2nd"]
[Site "Cambridge"]
[Date "2024.02.19"]
[Round "1"]
[White "Pert, Richard G"]
[Black "Borsos, Bogdan"]
[Result "1-0"]
[WhiteElo "2413"]
[BlackElo "2094"]
[PlyCount "95"]
[EventDate "2024.02.19"]
[EventType "swiss"]
[EventRounds "9"]
[EventCountry "ENG"]
[SourceTitle "CB09_2024"]
[SourceDate "2024.02.28"]
[SourceVersion "1"]
[SourceVersionDate "2024.02.28"]
[SourceQuality "1"]

1. d4 Nf6 2. Nf3 e6 3. Bf4 c5 4. e3 b6 5. Nc3 Nh5 6. Bg5 Be7 7. Bxe7 Qxe7 8. g4 Nf6 9. g5 Nh5 10. Rg1 Bb7 11. Be2 g6 12. Ne5 Ng7 13. h4 cxd4 14. Qxd4 Nf5 15. Qf4 d6 16. Ng4 Nd7 17. Bb5 0-0-0 18. 0-0-0 Kb8 19. Bxd7 Qxd7 20. e4 Ng7 21. Ne5 Qc7 22. Ng4 Nh5 23. Qf3 a6 24. Nf6 Nxf6 25. Qxf6 b5 26. a3 h5 27. Rd2 Rhe8 28. Rgd1 Rd7 29. Kb1 Qd8 30. Qf4 e5 31. Qe3 Qc7 32. Nd5 Bxd5 33. Rxd5 Rc8 34. Qd2 Kb7 35. f3 Rcd8 36. Qe2 Qc6 37. R1d3 Qc4 38. Qd2 Qc6 39. b3 Qc7 40. Kb2 Qc6 41. Qb4 Rc7 42. Qd2 Rcd7 43. Qb4 Rc7 44. c4 Qb6 45. Rxd6 Rxd6 46. Rxd6 Qf2+ 47. Rd2 Qe1 48. a4 1-0

[Event "Cambridge op 2nd"]
[Site "Cambridge"]
[Date "2024.02.19"]
[Round "2"]
[White "Tiviakov, Sergei"]
[Black "Pert, Richard G"]
[Result "1-0"]
[WhiteElo "2534"]
[BlackElo "2413"]
[PlyCount "123"]
[EventDate "2024.02.19"]
[EventType "swiss"]
[EventRounds "9"]
[EventCountry "ENG"]
[SourceTitle "CB09_2024"]
[SourceDate "2024.02.28"]
[SourceVersion "1"]
[SourceVersionDate "2024.02.28"]
[SourceQuality "1"]

1. e4 c6 2. d4 d5 3. Nd2 dxe4 4. Nxe4 Nf6 5. Nxf6+ exf6 6. Bc4 Bd6 7. Qe2+ Be7 8. Nf3 0-0 9. h3 Bd6 10. 0-0 Na6 11. Re1 Nc7 12. Bd2 Bf5 13. Bd3 Qd7 14. c4 Rfe8 15. Qf1 Rad8 16. b4 Bg6 17. Rxe8+ Qxe8 18. Bxg6 hxg6 19. a4 g5 20. b5 Ne6 21. Rb1 Qd7 22. Be3 Bb8 23. Rd1 Nc7 24. Qd3 g4 25. hxg4 Qxg4 26. Qb3 Qe4 27. bxc6 bxc6 28. Qb7 Qc2 29. Rc1 Qxa4 30. d5 cxd5 31. Nd4 dxc4 32. Nc6 Rd1+ 33. Kh2 Rxc1 34. Bxc1 Qb5 35. Qxb8+ Qxb8 36. Nxb8 a5 37. Nc6 a4 38. Nb4 Nb5 39. Nc2 Kf8 40. Kg3 Ke7 41. Kf3 Ke6 42. Ke4 f5+ 43. Ke3 Kd5 44. Na3 Nd4 45. Bb2 f4+ 46. Kd2 Nb3+ 47. Ke2 g5 48. Nb1 Nd4+ 49. Kd1 f3 50. Nc3+ Ke6 51. g3 f5 52. Nxa4 Ne2 53. Nc3 Ng1 54. Nb5 Ne2 55. Nd4+ Nxd4 56. Bxd4 Kd5 57. Bf6 g4 58. Kd2 f4 59. gxf4 Ke4 60. Bh4 Kxf4 61. Kc3 Ke4 62. Kxc4 1-0

[Event "BCF-chT 2324 (4NCL)"]
[Site "England"]
[Date "2024.01.13"]
[Round "3.4"]
[White "Quinn, John M"]
[Black "Pert, Richard G"]
[Result "0-1"]
[WhiteElo "2098"]
[BlackElo "2411"]
[PlyCount "106"]
[EventDate "2023.11.11"]
[EventType "team-tourn"]
[EventRounds "11"]
[EventCountry "ENG"]
[SourceTitle "CB11_2024"]
[SourceDate "2024.03.13"]
[SourceVersion "1"]
[SourceVersionDate "2024.03.13"]
[SourceQuality "1"]
[WhiteTeam "Celtic Tigers"]
[BlackTeam "Cheddleton"]
[WhiteTeamCountry "ENG"]
[BlackTeamCountry "ENG"]

1. d4 d5 2. c4 e6 3. Nc3 c5 4. cxd5 cxd4 5. Qxd4 Nc6 6. Qd1 exd5 7. Qd2 d4 8. Qxd4 Bd7 9. Qd5 Nf6 10. Nf3 Bd6 11. Qd1 Bc5 12. e3 Qe7 13. Be2 0-0-0 14. 0-0 Kb8 15. b4 Nxb4 16. Bb2 Bf5 17. Qa4 Bc2 18. Qb5 a6 19. Qc4 Nd3 20. Nd5 Nxd5 21. Qxc2 Nxf2 22. Be5+ Ka8 23. Rxf2 Bxe3 24. Rb1 Rc8 25. Qb3 Rhd8 26. Bc4 Bxf2+ 27. Kxf2 Nf6 28. Kf1 Rd7 29. Bxf6 Qxf6 30. Bd5 Rcc7 31. Re1 Qd6 32. Re8+ Ka7 33. Qe3+ Qc5 34. Bb3 Qxe3 35. Rxe3 f6 36. Ke2 b5 37. Rd3 Rxd3 38. Kxd3 a5 39. Nd4 Kb6 40. Bg8 g6 41. h3 Rg7 42. Bb3 a4 43. Be6 f5 44. a3 Re7 45. Bg8 f4 46. Be6 Kc5 47. h4 h5 48. Ke4 Kd6 49. Nxb5+ Kxe6 50. Kxf4 Rf7+ 51. Ke3 Rb7 52. Nc3 Rb3 53. Kd4 Rxa3 0-1

[Event "Titled Tuesday intern op 26th Sep Late"]
[Site "Chess.com INT"]
[Date "2023.09.26"]
[Round "7"]
[White "Chigaev, Maksim"]
[Black "Pert, Richard G"]
[Result "1/2-1/2"]
[WhiteElo "2615"]
[BlackElo "2410"]
[PlyCount "38"]
[EventDate "2023.09.26"]
[EventType "swiss (blitz)"]
[EventRounds "11"]
[EventCountry "USA"]
[SourceTitle "EXT 2024"]
[Source "ChessBase"]
[SourceDate "2023.10.10"]
[SourceVersion "1"]
[SourceVersionDate "2023.10.10"]
[SourceQuality "1"]

1. e4 c5 2. Ne2 Nc6 3. Nbc3 g6 4. d4 cxd4 5. Nxd4 Bg7 6. Be3 Nf6 7. Nxc6 bxc6 8. e5 Nd5 9. Nxd5 cxd5 10. Qxd5 Rb8 11. Bc4 0-0 12. 0-0 Qc7 13. Qc5 Qxe5 14. Qxe5 Bxe5 15. Bxa7 Rxb2 16. Bb3 Rxb3 17. cxb3 Bxa1 18. Rxa1 Bb7 19. Rc1 Ra8 1/2-1/2

[Event "Titled Tuesday intern op 26th Sep Late"]
[Site "Chess.com INT"]
[Date "2023.09.26"]
[Round "2"]
[White "Cooper, Aaron"]
[Black "Pert, Richard G"]
[Result "0-1"]
[WhiteElo "1904"]
[BlackElo "2410"]
[PlyCount "48"]
[EventDate "2023.09.26"]
[EventType "swiss (blitz)"]
[EventRounds "11"]
[EventCountry "USA"]
[SourceTitle "EXT 2024"]
[Source "ChessBase"]
[SourceDate "2023.10.10"]
[SourceVersion "1"]
[SourceVersionDate "2023.10.10"]
[SourceQuality "1"]

1. e4 c5 2. Nf3 d6 3. d4 cxd4 4. Nxd4 Nf6 5. Nc3 g6 6. Be3 Bg7 7. f3 Nc6 8. Nb3 0-0 9. Qd2 Be6 10. 0-0-0 a5 11. Bb5 Ne5 12. Nd5 Bxd5 13. exd5 a4 14. Nd4 a3 15. b3 Nxd5 16. Bh6 Bxh6 17. Qxh6 Nc3 18. Bd3 Nxa2+ 19. Kb1 Nc3+ 20. Ka1 Nxd1 21. Rxd1 Qa5 22. Ne2 Nxd3 23. Rxd3 Qe5+ 24. Nd4 a2 0-1

[Event "Titled Tuesday intern op 26th Sep Late"]
[Site "Chess.com INT"]
[Date "2023.09.26"]
[Round "11"]
[White "Haszon, David"]
[Black "Pert, Richard G"]
[Result "1/2-1/2"]
[WhiteElo "2250"]
[BlackElo "2410"]
[PlyCount "144"]
[EventDate "2023.09.26"]
[EventType "swiss (blitz)"]
[EventRounds "11"]
[EventCountry "USA"]
[SourceTitle "EXT 2024"]
[Source "ChessBase"]
[SourceDate "2023.10.10"]
[SourceVersion "1"]
[SourceVersionDate "2023.10.10"]
[SourceQuality "1"]

1. d4 Nf6 2. Bf4 d5 3. e3 c5 4. Nd2 Nc6 5. Ngf3 cxd4 6. exd4 Qb6 7. Nb3 Bf5 8. a4 a6 9. a5 Qd8 10. Nc5 Nxa5 11. c3 e6 12. Qa4+ b5 13. Qxa5 Bxc5 14. dxc5 Ne4 15. Bxb5+ Ke7 16. Qxd8+ Rhxd8 17. Be2 Nxc5 18. 0-0 f6 19. b4 Ne4 20. Rxa6 Nxc3 21. Bd6+ Kd7 22. Rxa8 Nxe2+ 23. Kh1 Rxa8 24. Bc5 Nf4 25. Nd4 Be4 26. f3 Bd3 27. Rd1 Bc4 28. g3 Nd3 29. Rb1 e5 30. Nf5 Nxc5 31. bxc5 Kc6 32. Nxg7 Kxc5 33. Ne6+ Kd6 34. Ng7 d4 35. Nf5+ Ke6 36. g4 Bd5 37. Rb6+ Kf7 38. Rd6 Bxf3+ 39. Kg1 e4 40. Nxd4 Bxg4 41. Kf2 f5 42. Kg3 h5 43. Rb6 Ra3+ 44. Kf4 e3 45. Rb7+ Ke8 46. Rb8+ Kd7 47. Rb7+ Kc8 48. Re7 e2 49. Nxe2 Rf3+ 50. Kg5 Rf2 51. Nd4 Rxh2 52. Nc6 Ra2 53. Na7+ Kb8 54. Nc6+ Ka8 55. Rg7 Ra6 56. Nb4 Rb6 57. Nd5 Rb7 58. Rg8+ Ka7 59. Rg6 Rd7 60. Nf6 Rb7 61. Nxh5 Bxh5 62. Kxh5 Rf7 63. Rg2 f4 64. Rf2 f3 65. Kg4 Kb6 66. Rxf3 Rg7+ 67. Kf4 Rc7 68. Re3 Kc6 69. Re4 Kb7 70. Rb4+ Kc8 71. Rd4 Rd7 72. Rxd7 Kxd7 1/2-1/2

[Event "Titled Tuesday intern op 26th Sep Late"]
[Site "Chess.com INT"]
[Date "2023.09.26"]
[Round "6"]
[White "Pert, Richard G"]
[Black "Sliwicki, Damian"]
[Result "1-0"]
[WhiteElo "2410"]
[BlackElo "2091"]
[PlyCount "35"]
[EventDate "2023.09.26"]
[EventType "swiss (blitz)"]
[EventRounds "11"]
[EventCountry "USA"]
[SourceTitle "EXT 2024"]
[Source "ChessBase"]
[SourceDate "2023.10.10"]
[SourceVersion "1"]
[SourceVersionDate "2023.10.10"]
[SourceQuality "1"]

1. e4 c5 2. Nf3 g6 3. d4 cxd4 4. Nxd4 Nc6 5. Nc3 Bg7 6. Be3 Nf6 7. Nxc6 bxc6 8. e5 Ng8 9. Bd4 Qc7 10. Qe2 c5 11. Nb5 Qc6 12. Bc3 Ba6 13. 0-0-0 Rb8 14. a4 Nh6 15. e6 Bxc3 16. exd7+ Kd8 17. bxc3 Nf5 18. Qe5 1-0

[Event "Titled Tuesday intern op 19th Sep Late"]
[Site "Chess.com INT"]
[Date "2023.09.19"]
[Round "1"]
[White "Korol, Dimitry"]
[Black "Pert, Richard G"]
[Result "0-1"]
[WhiteElo "2287"]
[BlackElo "2410"]
[PlyCount "102"]
[EventDate "2023.09.19"]
[EventType "swiss (blitz)"]
[EventRounds "11"]
[EventCountry "USA"]
[SourceTitle "EXT 2024"]
[Source "ChessBase"]
[SourceDate "2023.10.10"]
[SourceVersion "1"]
[SourceVersionDate "2023.10.10"]
[SourceQuality "1"]

1. d4 Nf6 2. c4 e5 3. dxe5 Ng4 4. Bf4 Bb4+ 5. Nd2 d6 6. exd6 Qf6 7. e3 g5 8. Bg3 h5 9. h4 gxh4 10. Bxh4 Qxb2 11. Ngf3 Bxd6 12. Be2 Nc6 13. 0-0 Bf5 14. Nb3 Bc2 15. Qc1 Ba3 16. Qd2 Bg6 17. Rad1 Qxd2 18. Rxd2 0-0 19. Nfd4 Nce5 20. Bg3 Bb4 21. Rdd1 Rfe8 22. Nf3 Nxf3+ 23. Bxf3 c6 24. Nd4 Rad8 25. Ne2 Bd3 26. Rc1 a5 27. Rfd1 a4 28. Nf4 Bf5 29. Nxh5 Ba3 30. Bxg4 Bxc1 31. Rxc1 Bxg4 32. Nf6+ Kg7 33. Nxg4 f6 34. e4 Rd2 35. f3 Rxa2 36. Ne3 a3 37. Nf5+ Kg6 38. Nd6 Rd8 39. Nxb7 Rdd2 40. Bf4 Rxg2+ 41. Kh1 Rgf2 42. Nd8 Rxf3 43. Bd6 Rh3+ 44. Kg1 Rd3 45. c5 Rdd2 46. Nxc6 Rac2 47. Ra1 a2 48. Nb4 Rb2 49. Nxa2 Rxa2 50. Re1 Rg2+ 51. Kf1 Raf2# 0-1

[Event "Titled Tuesday intern op 05th Sep Early"]
[Site "Chess.com INT"]
[Date "2023.09.05"]
[Round "8"]
[White "Pert, Richard G"]
[Black "Timofeev, Artyom"]
[Result "1/2-1/2"]
[WhiteElo "2410"]
[BlackElo "2576"]
[PlyCount "41"]
[EventDate "2023.09.05"]
[EventType "swiss (blitz)"]
[EventRounds "11"]
[EventCountry "USA"]
[SourceTitle "EXT 2024"]
[Source "ChessBase"]
[SourceDate "2023.10.10"]
[SourceVersion "1"]
[SourceVersionDate "2023.10.10"]
[SourceQuality "1"]

1. d4 e6 2. e4 d5 3. Nd2 c5 4. Ngf3 Nc6 5. exd5 exd5 6. Bb5 Bd6 7. 0-0 Nge7 8. dxc5 Bxc5 9. Nb3 Bb6 10. Re1 0-0 11. Be3 h6 12. Bxb6 Qxb6 13. Bf1 Bg4 14. h3 Bxf3 15. Qxf3 a5 16. a4 Rfe8 17. Bb5 Red8 18. Rad1 Qc7 19. c3 Rd6 20. Qg3 Rad8 21. Nd4 1/2-1/2

[Event "Titled Tuesday intern op 05th Sep Early"]
[Site "Chess.com INT"]
[Date "2023.09.05"]
[Round "3"]
[White "Rietze, Clemens"]
[Black "Pert, Richard G"]
[Result "0-1"]
[WhiteElo "2329"]
[BlackElo "2410"]
[PlyCount "60"]
[EventDate "2023.09.05"]
[EventType "swiss (blitz)"]
[EventRounds "11"]
[EventCountry "USA"]
[SourceTitle "EXT 2024"]
[Source "ChessBase"]
[SourceDate "2023.10.10"]
[SourceVersion "1"]
[SourceVersionDate "2023.10.10"]
[SourceQuality "1"]

1. d4 Nf6 2. c4 e5 3. dxe5 Ng4 4. Bf4 Bb4+ 5. Nd2 d6 6. Ngf3 dxe5 7. Nxe5 Bxd2+ 8. Qxd2 Qxd2+ 9. Kxd2 Nxf2 10. Rg1 Ne4+ 11. Ke3 Nc5 12. Kf3 Nbd7 13. Nd3 Ne6 14. Be3 b6 15. g4 Bb7+ 16. Kf2 Nf6 17. g5 Ne4+ 18. Ke1 0-0-0 19. h4 Rhe8 20. Rd1 Nd4 21. Bh3+ Kb8 22. Bxd4 Rxd4 23. Bf5 g6 24. Bg4 Rxc4 25. Rc1 Rd4 26. Bf3 Nc5 27. Nxc5 Bxf3 28. Nb3 Rxe2+ 29. Kf1 Rf4 30. Rc3 Bg4+ 0-1

[Event "Titled Tuesday intern op 05th Sep Early"]
[Site "Chess.com INT"]
[Date "2023.09.05"]
[Round "7"]
[White "Sameer, Loay"]
[Black "Pert, Richard G"]
[Result "0-1"]
[WhiteElo "2209"]
[BlackElo "2410"]
[PlyCount "94"]
[EventDate "2023.09.05"]
[EventType "swiss (blitz)"]
[EventRounds "11"]
[EventCountry "USA"]
[SourceTitle "EXT 2024"]
[Source "ChessBase"]
[SourceDate "2023.10.10"]
[SourceVersion "1"]
[SourceVersionDate "2023.10.10"]
[SourceQuality "1"]

1. Nf3 g6 2. g3 Bg7 3. Bg2 e5 4. 0-0 Nc6 5. c4 Nge7 6. Nc3 0-0 7. e3 d6 8. d4 a6 9. b3 Bg4 10. h3 Bxf3 11. Bxf3 exd4 12. exd4 Nxd4 13. Bxb7 Rb8 14. Bg2 Re8 15. Bb2 Qd7 16. Nd5 c5 17. Bxd4 cxd4 18. Qd3 Nxd5 19. cxd5 Qb5 20. Qxb5 axb5 21. Rfe1 Kf8 22. Rxe8+ Kxe8 23. Be4 Kd7 24. Bd3 b4 25. Rc1 Ra8 26. Rc2 Ra5 27. Bc4 d3 28. Rd2 Bc3 29. Rxd3 Rxa2 30. Re3 Bd4 31. Rf3 f6 32. g4 Rd2 33. Kg2 Kc7 34. h4 h6 35. h5 gxh5 36. gxh5 Kb6 37. Kg3 Kc5 38. Rf5 Rc2 39. Kf4 Rxc4 40. bxc4 b3 41. Ke4 b2 42. Rf3 b1Q+ 43. Kf4 Qc1+ 44. Kg3 Qg5+ 45. Kh2 Qxh5+ 46. Rh3 Be5+ 47. Kg2 Qg4+ 0-1

[Event "Titled Tuesday intern op 29th Aug Early"]
[Site "Chess.com INT"]
[Date "2023.08.29"]
[Round "6"]
[White "Carrasco Miranda, Andres"]
[Black "Pert, Richard G"]
[Result "1/2-1/2"]
[WhiteElo "2240"]
[BlackElo "2421"]
[PlyCount "41"]
[EventDate "2023.08.29"]
[EventType "swiss (blitz)"]
[EventRounds "11"]
[EventCountry "USA"]
[SourceTitle "EXT 2024"]
[Source "ChessBase"]
[SourceDate "2023.10.10"]
[SourceVersion "1"]
[SourceVersionDate "2023.10.10"]
[SourceQuality "1"]

1. d4 Nf6 2. c4 e5 3. dxe5 Ng4 4. Nf3 Bc5 5. e3 Nc6 6. Nc3 0-0 7. Be2 Re8 8. 0-0 a5 9. Nd5 Bf8 10. b3 Ncxe5 11. Nxe5 Nxe5 12. f4 Nc6 13. Bb2 Nb4 14. Bh5 Ra6 15. f5 Nxd5 16. Bxf7+ Kxf7 17. Qxd5+ Ke7 18. Qe5+ Kf7 19. Qd5+ Ke7 20. Qe5+ Kf7 21. Qd5+ 1/2-1/2

[Event "Titled Tuesday intern op 29th Aug Early"]
[Site "Chess.com INT"]
[Date "2023.08.29"]
[Round "3"]
[White "Pert, Richard G"]
[Black "Kopczynski, Michal"]
[Result "0-1"]
[WhiteElo "2421"]
[BlackElo "2225"]
[PlyCount "152"]
[EventDate "2023.08.29"]
[EventType "swiss (blitz)"]
[EventRounds "11"]
[EventCountry "USA"]
[SourceTitle "EXT 2024"]
[Source "ChessBase"]
[SourceDate "2023.10.10"]
[SourceVersion "1"]
[SourceVersionDate "2023.10.10"]
[SourceQuality "1"]

1. e4 c5 2. c3 d5 3. exd5 Qxd5 4. d4 cxd4 5. cxd4 Nc6 6. Nf3 Bg4 7. Be2 e6 8. Nc3 Bb4 9. 0-0 Bxc3 10. bxc3 Nge7 11. h3 Bf5 12. Ba3 0-0 13. Re1 Rfd8 14. Nd2 Rac8 15. Bf3 Qa5 16. Nc4 Qxc3 17. Rc1 Qxd4 18. Nd6 Rb8 19. Qxd4 Nxd4 20. Bxb7 Nc2 21. Nxf5 Nxf5 22. Rxc2 Rxb7 23. g4 Nd4 24. Rd1 f6 25. Kg2 Nxc2 26. Rxd8+ Kf7 27. Rf8+ Kg6 28. Bc5 Rc7 29. Bd6 Rd7 30. Bf4 e5 31. Bc1 Ne1+ 32. Kg3 Rd3+ 33. Be3 Nc2 34. Kf3 Nxe3 35. fxe3 Ra3 36. h4 h6 37. h5+ Kh7 38. Ke4 Rxa2 39. Ra8 a5 40. Kf5 a4 41. Ke6 a3 42. Kf7 Rg2 43. Rxa3 Rxg4 44. Ra7 Rg5 45. Kf8 f5 46. Rf7 f4 47. e4 Rg3 48. Ke7 Rg4 49. Ke6 Rg5 50. Rf8 Rxh5 51. Rf7 Rg5 52. Ke7 h5 53. Ke6 h4 54. Rc7 h3 55. Rc3 Rg3 56. Rc2 Rg2 57. Rc3 h2 58. Rh3+ Kg6 59. Kxe5 Kg5 60. Rh7 Kg4 61. Rxg7+ Kf3 62. Rh7 Ke3 63. Kd5 f3 64. Rh3 Ke2 65. e5 f2 66. e6 f1Q 67. e7 Qf5+ 68. Kd6 Rg6+ 69. Kc7 Qxh3 70. e8Q+ Kf1 71. Qxg6 h1Q 72. Qb1+ Kg2 73. Qc2+ Kg3 74. Qg6+ Qg4 75. Qd3+ Qhf3 76. Qd2 Qgf4+ 0-1

[Event "Titled Tuesday intern op 29th Aug Late"]
[Site "Chess.com INT"]
[Date "2023.08.29"]
[Round "5"]
[White "Pert, Richard G"]
[Black "Oro, Faustino"]
[Result "1-0"]
[WhiteElo "2421"]
[BlackElo "2316"]
[PlyCount "75"]
[EventDate "2023.08.29"]
[EventType "swiss (blitz)"]
[EventRounds "11"]
[EventCountry "USA"]
[SourceTitle "EXT 2024"]
[Source "ChessBase"]
[SourceDate "2023.10.10"]
[SourceVersion "1"]
[SourceVersionDate "2023.10.10"]
[SourceQuality "1"]

1. e4 c5 2. Nc3 Nc6 3. Bb5 Nd4 4. Bc4 a6 5. d3 e6 6. Nge2 b5 7. Bb3 Nxb3 8. axb3 Bb7 9. 0-0 d6 10. f4 Nf6 11. f5 Be7 12. Qe1 0-0 13. Qg3 Kh8 14. fxe6 fxe6 15. Nf4 Bc8 16. Be3 b4 17. Na4 e5 18. Nd5 Nxd5 19. Rxf8+ Bxf8 20. exd5 Bb7 21. Rf1 Bxd5 22. Bg5 Qc7 23. c4 bxc3 24. Nxc3 Bxb3 25. Qf3 Re8 26. Nd5 Bxd5 27. Qxd5 h6 28. Rf7 Qa5 29. Qc6 Rb8 30. Bh4 Qd2 31. h3 Qd1+ 32. Kh2 Qxd3 33. Qc7 Re8 34. Qd7 Qb5 35. Qg4 e4 36. Qg6 Qc4 37. Bf6 gxf6 38. Qh7# 1-0

[Event "Titled Tuesday intern op 29th Aug Late"]
[Site "Chess.com INT"]
[Date "2023.08.29"]
[Round "6"]
[White "Pert, Richard G"]
[Black "Quesada Perez, Yasser"]
[Result "1-0"]
[WhiteElo "2421"]
[BlackElo "2588"]
[PlyCount "53"]
[EventDate "2023.08.29"]
[EventType "swiss (blitz)"]
[EventRounds "11"]
[EventCountry "USA"]
[SourceTitle "EXT 2024"]
[Source "ChessBase"]
[SourceDate "2023.10.10"]
[SourceVersion "1"]
[SourceVersionDate "2023.10.10"]
[SourceQuality "1"]

1. e4 d5 2. exd5 Nf6 3. Nf3 Bg4 4. Bb5+ Nbd7 5. h3 Bh5 6. Nc3 a6 7. Be2 Nb6 8. 0-0 Nbxd5 9. Nxd5 Qxd5 10. c4 Qd6 11. d4 e6 12. Be3 Be7 13. Ne5 Bxe2 14. Qxe2 0-0 15. Rad1 c6 16. Bf4 Qd8 17. b3 a5 18. Bg3 a4 19. Rfe1 axb3 20. axb3 Ra3 21. Rd3 Bb4 22. Red1 Re8 23. Bh4 Be7 24. Bxf6 Bxf6 25. c5 Qd5 26. Nc4 Rd8 27. Nxa3 1-0

[Event "Titled Tuesday intern op 22nd Aug Early"]
[Site "Chess.com INT"]
[Date "2023.08.22"]
[Round "1"]
[White "Bogaudinov, Rushan"]
[Black "Pert, Richard G"]
[Result "0-1"]
[WhiteElo "1853"]
[BlackElo "2421"]
[PlyCount "158"]
[EventDate "2023.08.22"]
[EventType "swiss (blitz)"]
[EventRounds "11"]
[EventCountry "USA"]
[SourceTitle "EXT 2024"]
[Source "ChessBase"]
[SourceDate "2023.10.10"]
[SourceVersion "1"]
[SourceVersionDate "2023.10.10"]
[SourceQuality "1"]

1. d4 d5 2. Nf3 Nf6 3. e3 c5 4. Be2 Nc6 5. 0-0 cxd4 6. Nxd4 e5 7. Nxc6 bxc6 8. c4 Be7 9. cxd5 cxd5 10. b3 0-0 11. Bb2 Bd6 12. Nc3 Bb7 13. Na4 Rc8 14. Rc1 Rxc1 15. Qxc1 Qe7 16. Qc3 h5 17. Qa5 Bc8 18. Rc1 Bg4 19. f3 Bf5 20. Nc5 Rc8 21. b4 d4 22. e4 Be6 23. Ba6 Rc7 24. Nd3 Rxc1+ 25. Bxc1 Nd7 26. Bb5 Nb6 27. Bd2 Nc4 28. Bxc4 Bxc4 29. Nc5 Qc7 30. Qxc7 Bxc7 31. a3 f6 32. Kf2 Bb6 33. Na4 Bc7 34. Nb2 Bb3 35. Nd3 Kf7 36. g3 Bc4 37. Nb2 Bb3 38. Ke2 Bb6 39. Kd3 Ke6 40. f4 g6 41. fxe5 Kxe5 42. Bf4+ Ke6 43. Nc4 g5 44. Bd2 Bxc4+ 45. Kxc4 Ke5 46. Kd3 a6 47. Bc1 Ba7 48. Bb2 h4 49. a4 h3 50. g4 Bb6 51. Bc1 Ba7 52. Bd2 Bb6 53. Bc1 Bc7 54. b5 axb5 55. axb5 Ke6 56. Bd2 Bxh2 57. b6 Be5 58. b7 h2 59. Kc4 h1Q 60. Bb4 Qf1+ 61. Kc5 Qa6 62. Ba5 Bb8 63. Bb6 Qxb7 64. Kc4 Qc8+ 65. Kxd4 Qd7+ 66. Ke3 Qb5 67. Bd4 Qb3+ 68. Ke2 Be5 69. Be3 Bf4 70. Kf3 Qxe3+ 71. Kg2 Qxe4+ 72. Kh3 Qe3+ 73. Kg2 Qg3+ 74. Kf1 Qxg4 75. Kf2 Qg3+ 76. Kf1 Qh2 77. Ke1 Be5 78. Kd1 Bd4 79. Ke1 Be3 0-1

[Event "Titled Tuesday intern op 22nd Aug Late"]
[Site "Chess.com INT"]
[Date "2023.08.22"]
[Round "3"]
[White "Martinez Martin, David"]
[Black "Pert, Richard G"]
[Result "0-1"]
[WhiteElo "2385"]
[BlackElo "2421"]
[PlyCount "72"]
[EventDate "2023.08.22"]
[EventType "swiss (blitz)"]
[EventRounds "11"]
[EventCountry "USA"]
[SourceTitle "EXT 2024"]
[Source "ChessBase"]
[SourceDate "2023.10.10"]
[SourceVersion "1"]
[SourceVersionDate "2023.10.10"]
[SourceQuality "1"]

1. d4 d5 2. c4 e6 3. Nf3 Nf6 4. e3 a6 5. Nbd2 c5 6. cxd5 exd5 7. b3 Nc6 8. Bb2 cxd4 9. Nxd4 Nxd4 10. Bxd4 Bb4 11. a3 Bd6 12. Be2 0-0 13. 0-0 Re8 14. Qc2 Be6 15. Qb2 Be7 16. Rac1 Qd7 17. Nf3 Bf5 18. Rfd1 Rad8 19. Be5 Qe6 20. Bc7 Rc8 21. Nd4 Qd7 22. Nxf5 Qxf5 23. Bf3 h5 24. b4 h4 25. h3 Bd8 26. Bf4 Bb6 27. Rxc8 Rxc8 28. Be5 Rc2 29. Qa1 Ne4 30. Rxd5 Nxf2 31. Bxg7 Nxh3+ 32. Kh2 Bc7+ 33. Kh1 Qxf3 34. Rg5 Nxg5 35. gxf3 Rh2+ 36. Kg1 Nxf3+ 0-1

[Event "Titled Tuesday intern op 22nd Aug Late"]
[Site "Chess.com INT"]
[Date "2023.08.22"]
[Round "5"]
[White "Pert, Richard G"]
[Black "Tulchynskyi, Feliks"]
[Result "1-0"]
[WhiteElo "2421"]
[BlackElo "2228"]
[PlyCount "61"]
[EventDate "2023.08.22"]
[EventType "swiss (blitz)"]
[EventRounds "11"]
[EventCountry "USA"]
[SourceTitle "EXT 2024"]
[Source "ChessBase"]
[SourceDate "2023.10.10"]
[SourceVersion "1"]
[SourceVersionDate "2023.10.10"]
[SourceQuality "1"]

1. d4 Nf6 2. Bg5 e6 3. e4 Be7 4. e5 Nd5 5. Bxe7 Nxe7 6. Qg4 0-0 7. Nf3 d6 8. Bd3 Nbc6 9. Bxh7+ Kh8 10. Qh5 Ng8 11. Bxg8+ Kxg8 12. Ng5 Qxg5 13. Qxg5 Nxd4 14. Na3 dxe5 15. Qxe5 Nc6 16. Qxc7 e5 17. 0-0-0 Be6 18. Qxb7 Rfc8 19. Rd6 Rab8 20. Qxc6 Rxc6 21. Rxc6 Bd5 22. Rc7 Bxg2 23. Rg1 Bf3 24. Nc4 e4 25. Nd2 Bh5 26. Nxe4 Kf8 27. Rxa7 Rb4 28. Re1 Rd4 29. c3 Rd5 30. b4 Bg6 31. f3 1-0